书目信息 |
| 题名: |
高频电路设计与制作
|
|
| 作者: | 市川裕一 , 青木胜 著 ;卓圣鹏 译 | |
| 分册: | ||
| 出版信息: | 北京 科学出版社 2006 |
|
| 页数: | 278页 | |
| 开本: | 24cm | |
| 丛书名: | 图解实用电子技术丛书 | |
| 单 册: | ||
| 中图分类: | TN710.2 | |
| 科图分类: | ||
| 主题词: | 高频--电子电路--电路设计 | |
| 电子资源: | ||
| ISBN: | 7-03-017369-4 | |
| 000 | 01396oam2 2200313 45 | |
| 001 | 012004061116 | |
| 005 | 20070805112441.23 | |
| 009 | 012004061116 | |
| 010 | @a7-03-017369-4@dCNY39.00 | |
| 035 | @a(110019)012006070169 | |
| 100 | @a20060809e20072006em y0chiy0110 ea | |
| 101 | 1 | @achi@cjpn |
| 102 | @aCN@b110000 | |
| 105 | @aa z 000yy | |
| 106 | @ar | |
| 200 | 1 | @a高频电路设计与制作@Agao pin dian lu she ji yu zhi zuo@e开关/放大器/检波器/混频器/振荡器的技巧详解@Ekai guan / fang da qi / jian bo qi / hun pin qi / zhen dang qi de ji qiao xiang jie@f(日)市川裕一, (日)青木胜著@F( ri ) shi chuan yu yi , ( ri ) qing mu sheng zhu@g卓圣鹏译@Gzhuo sheng peng yi |
| 210 | @a北京@c科学出版社@d2006@h2007重印 | |
| 215 | @a278页@d24cm | |
| 225 | 2 | @a图解实用电子技术丛书@Atu jie shi yong dian zi ji shu cong shu |
| 330 | @a全书介绍了高频的基本知识,详细论述了开关、低噪声放大器、混频器、滤波器、检波电路、振荡电路、PLL的设计与制作等内容。 | |
| 461 | 0 | @12001 @a图解实用电子技术丛书 |
| 517 | 1 | @a开关/放大器/检波器/混频器/振荡器的技巧详解@Akai guan/ fang da qi/ jian bo qi/ hun pin qi/ zhen dang qi de ji qiao xiang jie |
| 606 | 0 | @a高频@x电子电路@x电路设计 |
| 690 | @aTN710.2@v4 | |
| 701 | 0 | @c(日)@a市川裕一@Ashi chuan yu yi@4著 |
| 701 | 0 | @c(日)@a青木胜@Aqing mu sheng@4著 |
| 702 | 0 | @a卓圣鹏@Azhuo sheng peng@4译 |
| 801 | 0 | @aCN@b110019@c20070805 |
| 905 | @dTN710.2@e248@f5 | |
| 高频电路设计与制作:开关/放大器/检波器/混频器/振荡器的技巧详解/(日)市川裕一, (日)青木胜著/卓圣鹏译.-北京:科学出版社,2006(2007重印) |
| 278页;24cm.-(图解实用电子技术丛书) |
| ISBN 7-03-017369-4:CNY39.00 |
| 全书介绍了高频的基本知识,详细论述了开关、低噪声放大器、混频器、滤波器、检波电路、振荡电路、PLL的设计与制作等内容。 |
| ● |
| 相关链接 |
|
|
|
|
正题名:高频电路设计与制作
索取号:TN710.2/248
 
预约/预借
| 序号 | 登录号 | 条形码 | 馆藏地/架位号 | 状态 | 备注 |
| 1 | 0852937 | 208529378 | 第二样本阅览室/ [索取号:TN710.2/248] | 在馆 | |
| 2 | 0852938 | 208529387 | 第三借阅区/ [索取号:TN710.2/248] | 在馆 | |
| 3 | 0852939 | 208529396 | 第三借阅区/ [索取号:TN710.2/248] | 在馆 | |
| 4 | 0852940 | 208529403 | 第三借阅区/ [索取号:TN710.2/248] | 在馆 | |
| 5 | 0852941 | 208529412 | 第三借阅区/ [索取号:TN710.2/248] | 在馆 |